000
00245 a2200097 4500
001
15039
100
_a
Gibbs H
245
_a
The hills of India
260
_a
London Sydney Melbourne Wellington
_b
Jurrolds publishers ltd
_c
090
_c
11794
_d
11794
942
_a
NUST-CAE
_c
M
_c
1996
999
_c
250112
_d
250112